Most “American” States - Statistics

General Stats
  • This quiz has been taken 29 times
  • The average score is 9 of 15
Answer Stats
Answer % Correct
Alaska
74%
Washington
74%
Montana
67%
Oregon
67%
Arizona
63%
Hawaii
63%
Kansas
59%
Maine
59%
Maryland
59%
Wyoming
59%
Colorado
56%
New Hampshire
56%
Vermont
56%
Virginia
56%
North Dakota
52%
No matching quizzes found
Score Distribution
Percent of People with Each Score
Percentile by Number Answered
Your Score History
You have not taken this quiz